¿Por qué nos amenazan?
Gespeichert in:
| Format: | Text |
|---|---|
| Tags: |
Tag hinzufügen
Keine Tags, Fügen Sie den ersten Tag hinzu!
|
MARC
| LEADER | 00000 a a2200000 04500 | ||
|---|---|---|---|
| 001 | 42599 | ||
| 003 | |||
| 040 | |||
| 245 | |a ¿Por qué nos amenazan? | ||
| 773 | |g volumen25, número1108 ( , 2004), páginas 4-6 | ||
| 999 | |c 33412 |d 33412 | ||
